[Event "Mramorak Autumn Schev 2"]
[Site "Mramorak"]
[Date "2022.12.11"]
[Round "2.4"]
[White "Jurisic, Iskra"]
[Black "Andrejevic, Milorad"]
[Result "0-1"]
[WhiteElo "1822"]
[BlackElo "2192"]
[PlyCount "86"]
[EventDate "2022.12.11"]
[EventType "schev"]
[EventRounds "10"]
[EventCountry "SRB"]
[SourceTitle "CBM 211 Extra"]
[Source "ChessBase"]
[SourceDate "2023.01.31"]
[SourceVersion "1"]
[SourceVersionDate "2023.01.31"]
[SourceQuality "1"]
[WhiteTeam "Team B"]
[BlackTeam "Team A"]
[WhiteTeamCountry "SRB"]
[BlackTeamCountry "SRB"]

1. d4 d5 2. c4 e6 3. Nc3 Nf6 4. Bg5 Be7 5. cxd5 exd5 6. e3 0-0 7. Bd3 c6 8. Nge2 Ne4 9. Bxe7 Qxe7 10. Bxe4 dxe4 11. Ng3 f5 12. 0-0 Be6 13. Qe2 Nd7 14. Rad1 Nb6 15. b3 a5 16. f3 exf3 17. Qxf3 Qg5 18. d5 Nxd5 19. Nxd5 Bxd5 20. Rxd5 cxd5 21. Qxd5+ Kh8 22. Nxf5 g6 23. h4 Qf6 24. Ng3 Qc3 25. Rf3 Rxf3 26. Qxf3 Re8 27. Nf1 b5 28. h5 gxh5 29. Qxh5 Qe5 30. Qf7 b4 31. Qf3 h6 32. Qh3 Kh7 33. Kh1 Rf8 34. Qd7+ Qg7 35. Qd3+ Qg6 36. e4 Rf2 37. Ng3 h5 38. Qd7+ Rf7 39. Qh3 Qg4 40. Qxh5+ Qxh5+ 41. Nxh5 Rf2 42. e5 Kg6 43. Kg1 Rxa2 0-1

[Event "SRB-ch sf (Women)"]
[Site "Paracin"]
[Date "2022.03.22"]
[Round "6"]
[White "Jurisic, Iskra"]
[Black "Srdanovic, Jovana"]
[Result "0-1"]
[WhiteElo "1827"]
[BlackElo "2194"]
[PlyCount "112"]
[EventDate "2022.03.17"]
[EventType "swiss"]
[EventRounds "7"]
[EventCountry "SRB"]
[SourceTitle "EXT 2023"]
[Source "ChessBase"]
[SourceDate "2022.10.05"]
[SourceVersion "1"]
[SourceVersionDate "2022.10.05"]
[SourceQuality "1"]

1. d4 d5 2. c4 c6 3. Nc3 Nf6 4. Nf3 e6 5. e3 Nbd7 6. Qc2 Bd6 7. Bd3 dxc4 8. Bxc4 b5 9. Be2 Bb7 10. 0-0 0-0 11. Rd1 Qc7 12. Bd2 a6 13. b4 e5 14. h3 Rfe8 15. Ng5 h6 16. Nge4 Bf8 17. Bf3 Qb6 18. Nc5 Nxc5 19. dxc5 Qc7 20. Ne4 Nd5 21. Be1 Rad8 22. a3 Qc8 23. Nd6 Bxd6 24. cxd6 Nf6 25. Bc3 Qe6 26. g4 Rxd6 27. Rxd6 Qxd6 28. Rd1 Qe6 29. Qf5 Qe7 30. g5 hxg5 31. Qxg5 Nd5 32. Qxe7 Rxe7 33. Bxd5 cxd5 34. Kh2 f6 35. Bb2 Kf7 36. Kg3 Ke6 37. f4 Kf5 38. fxe5 fxe5 39. Kf2 Ke4 40. Ke2 Bc8 41. Rh1 Rc7 42. Kd2 Rf7 43. Rh2 Rf3 44. h4 Bh3 45. Ba1 Bf1 46. h5 Bh3 47. Bb2 Rg3 48. Bc3 Rg2+ 49. Rxg2 Bxg2 50. Ke2 Bf3+ 51. Kf2 Bxh5 52. Bb2 g5 53. Kg3 Kxe3 54. Bxe5 d4 55. Bf6 d3 56. Bxg5+ Ke2 0-1

[Event "Veliko Gradiste Silver Lake op-A"]
[Site "Veliko Gradiste"]
[Date "2021.06.28"]
[Round "7"]
[White "Jurisic, Iskra"]
[Black "Vujicic, Dragisa"]
[Result "1/2-1/2"]
[WhiteElo "1766"]
[BlackElo "1916"]
[PlyCount "30"]
[EventDate "2021.06.23"]
[EventType "swiss"]
[EventRounds "9"]
[EventCountry "SRB"]
[SourceTitle "EXT 2022"]
[Source "ChessBase"]
[SourceDate "2021.10.06"]
[SourceVersion "1"]
[SourceVersionDate "2021.10.06"]
[SourceQuality "1"]

1. d4 d5 2. c4 c6 3. Nc3 Nf6 4. e3 e6 5. Nf3 Nbd7 6. Qc2 dxc4 7. Bxc4 b5 8. Be2 Bb7 9. 0-0 Be7 10. Rd1 0-0 11. e4 a6 12. e5 Nd5 13. Nxd5 cxd5 14. Bd3 h6 15. Qe2 Re8 1/2-1/2

[Event "Veliko Gradiste Silver Lake op-A"]
[Site "Veliko Gradiste"]
[Date "2021.06.23"]
[Round "1"]
[White "Jurisic, Iskra"]
[Black "Terryn, Ezra"]
[Result "0-1"]
[WhiteElo "1766"]
[BlackElo "2184"]
[PlyCount "39"]
[EventDate "2021.06.23"]
[EventType "swiss"]
[EventRounds "9"]
[EventCountry "SRB"]
[SourceTitle "CBM 203 Extra"]
[Source "ChessBase"]
[SourceDate "2021.09.30"]
[SourceVersion "1"]
[SourceVersionDate "2021.09.30"]
[SourceQuality "1"]

1. d4 g6 2. c4 Bg7 3. Nc3 c5 4. d5 Bxc3+ 5. bxc3 f5 6. Nf3 d6 7. h4 Nf6 8. Qc2 Qa5 9. Nd2 Nbd7 10. Bb2 Ne5 11. e3 Bd7 12. a4 0-0-0 13. Be2 h6 14. f4 Neg4 15. Rh3 e6 16. Qb3 Rhe8 17. Kf1 exd5 18. cxd5 Nxe3+ 19. Rxe3 Rxe3 20. Nc4 0-1

[Event "SRB-chT (Women)"]
[Site "Valjevo"]
[Date "2020.09.27"]
[Round "4.6"]
[White "Miladinovic, Lena"]
[Black "Jurisic, Iskra"]
[Result "1-0"]
[WhiteElo "2066"]
[BlackElo "1758"]
[PlyCount "119"]
[EventDate "2020.09.25"]
[EventType "team-tourn"]
[EventRounds "11"]
[EventCountry "SRB"]
[SourceTitle "CBM 198 Extra"]
[Source "ChessBase"]
[SourceDate "2020.11.30"]
[SourceVersion "1"]
[SourceVersionDate "2020.11.30"]
[SourceQuality "1"]
[WhiteTeam "Rudovci Radnicki (W)"]
[BlackTeam "Belgrade Crvena Zvezda (W)"]
[WhiteTeamCountry "SRB"]
[BlackTeamCountry "SRB"]

1. d4 Nf6 2. Nf3 g6 3. g3 Bg7 4. Bg2 0-0 5. 0-0 d6 6. Nc3 Nc6 7. e4 Nd7 8. Bg5 f6 9. Be3 e5 10. Qd2 Rf7 11. Rad1 Qf8 12. d5 Nd8 13. Nb5 Nc5 14. Bxc5 dxc5 15. d6 Ne6 16. Nxc7 Nxc7 17. dxc7 Rxc7 18. Qd8 Rf7 19. Qd5 Kh8 20. b3 Qe7 21. Qd8+ Qf8 22. Rd2 Be6 23. Qxf8+ Rfxf8 24. Rfd1 Bh6 25. Rd6 Rfe8 26. Bf1 Bf8 27. R6d2 Bh6 28. Rd3 Rac8 29. Rd6 Rb8 30. Bb5 Re7 31. Bd7 Bxd7 32. Rxd7 Rxd7 33. Rxd7 a6 34. Ne1 b5 35. Rd6 c4 36. Kf1 cxb3 37. cxb3 a5 38. Rxf6 a4 39. Rd6 axb3 40. axb3 b4 41. Nd3 Rc8 42. Nxb4 Rb8 43. Nd3 Rxb3 44. Nxe5 Bf8 45. Rd8 Kg7 46. Rd7+ Kg8 47. Nd3 Rb1+ 48. Ke2 Rh1 49. h4 Ra1 50. Ke3 Ra4 51. e5 Bh6+ 52. f4 Ra6 53. Nc5 Ra3+ 54. Rd3 Bf8 55. Nd7 Rxd3+ 56. Kxd3 Ba3 57. Ke4 Kf7 58. g4 Bb4 59. h5 Bd2 60. h6 1-0

[Event "Paracin Amateur op"]
[Site "Paracin"]
[Date "2020.01.31"]
[Round "1"]
[White "Stefanovic, Vladimir"]
[Black "Jurisic, Iskra"]
[Result "1-0"]
[WhiteElo "2198"]
[BlackElo "1755"]
[PlyCount "107"]
[EventDate "2020.01.31"]
[EventType "swiss"]
[EventRounds "9"]
[EventCountry "SRB"]
[SourceTitle "CBM 194 Extra"]
[Source "ChessBase"]
[SourceDate "2020.03.31"]
[SourceVersion "1"]
[SourceVersionDate "2020.03.31"]
[SourceQuality "1"]

1. g3 Nf6 2. Bg2 g6 3. e4 d6 4. d4 Bg7 5. Nc3 0-0 6. Nge2 e5 7. h3 Qe7 8. 0-0 c6 9. a4 Nbd7 10. Re1 c5 11. dxc5 dxc5 12. Bg5 Qe6 13. Nb5 Ne8 14. Nec3 a6 15. Na3 h6 16. Be3 b6 17. Nd5 Bb7 18. Qe2 Ndf6 19. Rad1 Rd8 20. c4 Nd6 21. Qc2 Bxd5 22. cxd5 Qc8 23. a5 Qb7 24. axb6 Nd7 25. Rb1 Rc8 26. Qd2 Kh7 27. b4 c4 28. Rec1 Nxb6 29. Bc5 Rfd8 30. Qe3 h5 31. g4 hxg4 32. hxg4 Rb8 33. g5 f6 34. Qh3+ Kg8 35. Qe6+ Qf7 36. Bh3 Qxe6 37. Bxe6+ Kf8 38. gxf6 Bxf6 39. Nxc4 Nbxc4 40. Rxc4 Be7 41. Bxd6 Bxd6 42. Rb3 Rb5 43. Rc6 a5 44. Rf3+ Kg7 45. bxa5 Rxa5 46. Rf7+ Kh6 47. Bd7 Bc5 48. Bf5 Rg8 49. Rff6 Kg5 50. Rxg6+ Rxg6 51. Rxg6+ Kf4 52. Kg2 Bxf2 53. Kxf2 Ra2+ 54. Ke1 1-0

[Event "Nis op"]
[Site "Nis"]
[Date "2019.07.03"]
[Round "8"]
[White "Todev, Simeon"]
[Black "Jurisic, Iskra"]
[Result "1-0"]
[WhiteElo "1941"]
[BlackElo "1769"]
[PlyCount "73"]
[EventDate "2019.06.25"]
[EventType "swiss"]
[EventRounds "9"]
[EventCountry "SRB"]
[SourceTitle "EXT 2020"]
[Source "ChessBase"]
[SourceDate "2019.10.17"]
[SourceVersion "1"]
[SourceVersionDate "2019.10.17"]
[SourceQuality "1"]

1. e4 c5 2. Nf3 d6 3. d4 cxd4 4. Nxd4 Nf6 5. Nc3 Nc6 6. Be3 e6 7. Bb5 Bd7 8. f3 Be7 9. Qd2 0-0 10. 0-0-0 a6 11. Bd3 Rc8 12. g4 Nb4 13. g5 Ne8 14. Rhg1 Qa5 15. Kb1 Rxc3 16. Qxc3 Qxa2+ 17. Kc1 d5 18. Nb3 Nxd3+ 19. Rxd3 Nd6 20. exd5 exd5 21. Rxd5 Rc8 22. Qxc8+ Nxc8 23. Rxd7 Qa4 24. Rgd1 Kf8 25. Rxb7 Bd6 26. Bc5 Qf4+ 27. Kb1 Qxf3 28. Rxd6 Nxd6 29. Bxd6+ Ke8 30. Rb8+ Kd7 31. Rb6 Qf1+ 32. Ka2 Ke6 33. Bf8+ Kf5 34. h4 Qf4 35. Rxa6 Qxh4 36. Bxg7 Qc4 37. Ra5+ 1-0

[Event "Nis op"]
[Site "Nis"]
[Date "2019.06.25"]
[Round "1"]
[White "Jurisic, Iskra"]
[Black "Mehmed, Elif"]
[Result "0-1"]
[WhiteElo "1769"]
[BlackElo "2164"]
[PlyCount "40"]
[EventDate "2019.06.25"]
[EventType "swiss"]
[EventRounds "9"]
[EventCountry "SRB"]
[SourceTitle "EXT 2020"]
[Source "ChessBase"]
[SourceDate "2019.10.17"]
[SourceVersion "1"]
[SourceVersionDate "2019.10.17"]
[SourceQuality "1"]

1. d4 Nf6 2. c4 e6 3. Nc3 d5 4. Bf4 c5 5. e3 Nc6 6. Nf3 cxd4 7. exd4 dxc4 8. Bxc4 Bb4 9. 0-0 0-0 10. Qd2 Nd5 11. Bxd5 exd5 12. Rac1 Bg4 13. Qd3 Bxf3 14. Qxf3 Nxd4 15. Qd3 Ne6 16. Nxd5 Nxf4 17. Nxf4 Bd2 18. Qxd8 Raxd8 19. Rc4 b5 20. Re4 f5 0-1

[Event "Belgrade City-chT"]
[Site "Belgrade"]
[Date "2019.05.17"]
[Round "5.5"]
[White "Jurisic, Iskra"]
[Black "Lalic, Mile"]
[Result "0-1"]
[WhiteElo "1744"]
[BlackElo "1903"]
[PlyCount "84"]
[EventDate "2019.05.13"]
[EventType "team-swiss"]
[EventRounds "5"]
[EventCountry "SRB"]
[SourceTitle "CBM 190 Extra"]
[Source "ChessBase"]
[SourceDate "2019.07.15"]
[SourceVersion "1"]
[SourceVersionDate "2019.07.15"]
[SourceQuality "1"]
[WhiteTeam "Crvena Zvezda (W)"]
[BlackTeam "Novi Belgrade Technicka"]
[WhiteTeamCountry "SRB"]
[BlackTeamCountry "SRB"]

1. d4 Nf6 2. Nf3 d5 3. Bf4 Bf5 4. e3 e6 5. Nbd2 Bd6 6. Bg3 Nbd7 7. Ne5 Bxe5 8. dxe5 Ne4 9. Nxe4 Bxe4 10. f3 Bg6 11. Bd3 c5 12. c3 c4 13. Bxg6 hxg6 14. Qd4 Qb6 15. Rb1 Nc5 16. 0-0 Qc6 17. b3 b5 18. bxc4 bxc4 19. e4 0-0 20. exd5 exd5 21. Bh4 Rfe8 22. f4 Nd3 23. Rf3 Qd7 24. Rbf1 Rab8 25. Bg3 f5 26. Bf2 Rb7 27. Rg3 Re6 28. Rd1 Ra6 29. a3 Rb3 30. a4 Qe6 31. Rgxd3 cxd3 32. Qxd3 Rxa4 33. g3 g5 34. Qxd5 Qxd5 35. Rxd5 gxf4 36. gxf4 Rxf4 37. Bxa7 Rxc3 38. Rd8+ Kh7 39. e6 Re4 40. Rd5 f4 41. Bb8 Rc2 42. Be5 Re1# 0-1

[Event "Belgrade City-chT"]
[Site "Belgrade"]
[Date "2019.05.15"]
[Round "3.6"]
[White "Jurisic, Iskra"]
[Black "Malobabic, Nikola"]
[Result "1/2-1/2"]
[WhiteElo "1744"]
[BlackElo "1827"]
[PlyCount "64"]
[EventDate "2019.05.13"]
[EventType "team-swiss"]
[EventRounds "5"]
[EventCountry "SRB"]
[SourceTitle "CBM 190 Extra"]
[Source "ChessBase"]
[SourceDate "2019.07.15"]
[SourceVersion "1"]
[SourceVersionDate "2019.07.15"]
[SourceQuality "1"]
[WhiteTeam "Crvena Zvezda (W)"]
[BlackTeam "15 April"]
[WhiteTeamCountry "SRB"]
[BlackTeamCountry "SRB"]

1. d4 d5 2. Nf3 e6 3. Bf4 Nf6 4. e3 a6 5. Nbd2 c5 6. c3 Nc6 7. h3 cxd4 8. exd4 Bd6 9. Ne5 Qb6 10. Qb3 Qc7 11. Ndf3 Nd7 12. Nxd7 Bxf4 13. Nb6 Rb8 14. Be2 0-0 15. Nxc8 Rfxc8 16. 0-0 h6 17. Rfe1 Na5 18. Qc2 b5 19. Qd3 Nc4 20. Rab1 a5 21. Bd1 a4 22. a3 Qd7 23. Bc2 f5 24. Qe2 Rb6 25. Bd3 Qf7 26. Ne5 Bxe5 27. Bxc4 bxc4 28. Qxe5 Qc7 29. Qe3 Qf7 30. Qf3 Rcb8 31. Re2 Rc6 32. Rbe1 Rbb6 1/2-1/2

[Event "Sarajevo Bosna op 49th"]
[Site "Sarajevo"]
[Date "2019.04.28"]
[Round "3"]
[White "Kanyamarala, Tarun"]
[Black "Jurisic, Iskra"]
[Result "1-0"]
[WhiteElo "2070"]
[BlackElo "1748"]
[PlyCount "53"]
[EventDate "2019.04.27"]
[EventType "swiss"]
[EventRounds "9"]
[EventCountry "BIH"]
[SourceTitle "CBM 190 Extra"]
[Source "ChessBase"]
[SourceDate "2019.07.15"]
[SourceVersion "1"]
[SourceVersionDate "2019.07.15"]
[SourceQuality "1"]

1. d4 Nf6 2. c4 g6 3. Nc3 Bg7 4. e4 d6 5. Nf3 0-0 6. h3 e5 7. d5 Nbd7 8. Be3 Re8 9. Be2 Nc5 10. Nd2 c6 11. b4 cxd5 12. cxd5 Ncd7 13. 0-0 a6 14. Nc4 Qc7 15. Qb3 b5 16. Na5 Bb7 17. Rfc1 Qb8 18. a4 bxa4 19. Qxa4 Bc8 20. Nc6 Qc7 21. Nb5 axb5 22. Qxa8 Qb7 23. Ne7+ Rxe7 24. Rxc8+ Nf8 25. Qxb7 Rxb7 26. f3 h6 27. Ra5 1-0

[Event "Belgrade ChessAmateur op 5th"]
[Site "Belgrade"]
[Date "2019.01.10"]
[Round "9"]
[White "Djordjevic, Nevena"]
[Black "Jurisic, Iskra"]
[Result "1-0"]
[WhiteElo "1728"]
[BlackElo "1630"]
[PlyCount "57"]
[EventDate "2019.01.04"]
[EventType "swiss"]
[EventRounds "9"]
[EventCountry "SRB"]
[SourceTitle "CBM 188 Extra"]
[Source "ChessBase"]
[SourceDate "2019.02.26"]
[SourceVersion "1"]
[SourceVersionDate "2019.02.26"]
[SourceQuality "1"]

1. d4 Nf6 2. c4 g6 3. Nf3 Bg7 4. Bf4 d6 5. h3 0-0 6. e3 Nbd7 7. Nc3 c5 8. Be2 b6 9. 0-0 cxd4 10. exd4 Bb7 11. d5 Nc5 12. Qc2 Bc8 13. Nd4 Bd7 14. b4 Na6 15. b5 Nc7 16. Rad1 Qc8 17. Nc6 Re8 18. Bd3 a6 19. Rfe1 Kf8 20. Nxe7 Rxe7 21. Bxd6 Bxh3 22. Rxe7 Kg8 23. Rxc7 Qg4 24. Bg3 Bxg2 25. Kxg2 Nh5 26. Be2 Nf4+ 27. Kg1 Nxe2+ 28. Qxe2 Qg5 29. Ne4 1-0

[Event "Belgrade ChessAmateur op 5th"]
[Site "Belgrade"]
[Date "2019.01.08"]
[Round "7"]
[White "Jurisic, Iskra"]
[Black "Djordjevic, Miroslav"]
[Result "1/2-1/2"]
[WhiteElo "1630"]
[BlackElo "1976"]
[PlyCount "30"]
[EventDate "2019.01.04"]
[EventType "swiss"]
[EventRounds "9"]
[EventCountry "SRB"]
[SourceTitle "CBM 188 Extra"]
[Source "ChessBase"]
[SourceDate "2019.02.26"]
[SourceVersion "1"]
[SourceVersionDate "2019.02.26"]
[SourceQuality "1"]

1. d4 d5 2. Bf4 Nf6 3. e3 c6 4. Nd2 Bf5 5. Ngf3 e6 6. Nh4 Bg4 7. Nhf3 Bd6 8. Bg3 Qc7 9. Bd3 Nbd7 10. c3 e5 11. dxe5 Nxe5 12. Be2 0-0 13. Bxe5 Bxe5 14. Nxe5 Bxe2 15. Qxe2 Qxe5 1/2-1/2

[Event "Belgrade ChessAmateur op 5th"]
[Site "Belgrade"]
[Date "2019.01.06"]
[Round "4"]
[White "Jevtic, Miroljub L"]
[Black "Jurisic, Iskra"]
[Result "0-1"]
[WhiteElo "1976"]
[BlackElo "1630"]
[PlyCount "66"]
[EventDate "2019.01.04"]
[EventType "swiss"]
[EventRounds "9"]
[EventCountry "SRB"]
[SourceTitle "CBM 188 Extra"]
[Source "ChessBase"]
[SourceDate "2019.02.26"]
[SourceVersion "1"]
[SourceVersionDate "2019.02.26"]
[SourceQuality "1"]

1. d4 Nf6 2. Nf3 g6 3. h3 Bg7 4. Bf4 d6 5. c3 0-0 6. Nbd2 Nbd7 7. Bh2 c5 8. e3 Re8 9. Nb3 cxd4 10. exd4 e5 11. dxe5 Nxe5 12. Nxe5 Nh5 13. Bb5 Bd7 14. Be2 Bxe5 15. Bxe5 Rxe5 16. 0-0 Nf4 17. Bf3 Bxh3 18. Re1 Bxg2 19. Rxe5 Bxf3 20. Qxf3 dxe5 21. Qxb7 Qg5+ 22. Kf1 Rd8 23. Qh1 Qg4 24. Re1 Rd1 25. f3 Rxe1+ 26. Kxe1 Qg3+ 27. Kd1 Nd3 28. Kc2 Ne1+ 29. Kd1 Nxf3 30. Ke2 e4 31. Nc5 Ng1+ 32. Kf1 e3 33. Qg2 e2+ 0-1

[Event "Belgrade ChessAmateur op 5th"]
[Site "Belgrade"]
[Date "2019.01.05"]
[Round "2"]
[White "Ristic, Luka"]
[Black "Jurisic, Iskra"]
[Result "1/2-1/2"]
[WhiteElo "2029"]
[BlackElo "1630"]
[PlyCount "61"]
[EventDate "2019.01.04"]
[EventType "swiss"]
[EventRounds "9"]
[EventCountry "SRB"]
[SourceTitle "CBM 188 Extra"]
[Source "ChessBase"]
[SourceDate "2019.02.26"]
[SourceVersion "1"]
[SourceVersionDate "2019.02.26"]
[SourceQuality "1"]

1. e4 c5 2. Nf3 Nc6 3. d4 cxd4 4. Nxd4 Nf6 5. Nc3 g6 6. Be3 Bg7 7. f3 0-0 8. Qd2 d5 9. Nxc6 bxc6 10. Rd1 Be6 11. exd5 Nxd5 12. Nxd5 cxd5 13. c3 Qa5 14. a3 Rac8 15. Bd4 Bxd4 16. Qxd4 Rb8 17. Rd2 Rb3 18. a4 Rfb8 19. Bb5 a6 20. Qa7 Qb6 21. Qxa6 Qxa6 22. Bxa6 Rxb2 23. Bb5 Rb1+ 24. Rd1 Rb2 25. 0-0 Rc8 26. Rd3 Rc2 27. Ra1 R2xc3 28. Rxc3 Rxc3 29. a5 d4 30. Rd1 Bc4 31. Bxc4 1/2-1/2

[Event "SRB-ch U16 Girls"]
[Site "Novi Sad"]
[Date "2018.04.04"]
[Round "4"]
[White "Jurisic, Iskra"]
[Black "Jujic, Petra"]
[Result "0-1"]
[WhiteElo "1449"]
[BlackElo "1588"]
[PlyCount "80"]
[EventDate "2018.04.02"]
[EventType "swiss"]
[EventRounds "9"]
[EventCountry "SRB"]
[SourceTitle "EXT 2019"]
[Source "ChessBase"]
[SourceDate "2018.10.10"]
[SourceVersion "1"]
[SourceVersionDate "2018.10.10"]
[SourceQuality "1"]

1. d4 d5 2. c4 e6 3. a3 Nf6 4. e3 Nbd7 5. Nc3 c6 6. Nf3 Bd6 7. c5 Bc7 8. Bd3 0-0 9. 0-0 e5 10. dxe5 Nxe5 11. Nxe5 Bxe5 12. e4 Bxc3 13. bxc3 dxe4 14. Bc2 Qxd1 15. Rxd1 Bg4 16. Re1 Rfe8 17. Be3 Rad8 18. Rab1 Rd7 19. h3 Bh5 20. Rb4 Bg6 21. Reb1 Ree7 22. Bg5 h6 23. Bxf6 gxf6 24. Re1 f5 25. g4 fxg4 26. hxg4 e3 27. Bxg6 exf2+ 28. Kxf2 fxg6 29. Reb1 Kg7 30. a4 Kf6 31. a5 a6 32. Rc4 Kg5 33. Ra1 Rd2+ 34. Kf1 Ree2 35. Rb1 Rb2 36. Rb4 Rxb1+ 37. Rxb1 Ra2 38. Rxb7 Rxa5 39. Rb6 Rxc5 40. Rxa6 Rxc3 0-1